[Event "Bundesliga 2021-22"]
[Site "Berlin GER"]
[Date "2022.07.10"]
[Round "15.5"]
[Board "6"]
[White "Handke, Florian"]
[Black "Kasimdzhanov, Rustam"]
[Result "1/2-1/2"]
[WhiteTitle "GM"]
[BlackTitle "GM"]
[WhiteElo "2539"]
[BlackElo "2659"]
[WhiteTeam "SG Solingen"]
[BlackTeam "OSG Baden-Baden"]
[WhiteFideId "4634527"]
[BlackFideId "14200244"]
[EventDate "2022.03.05"]

1. e4 e5 2. Nf3 Nc6 3. Bc4 Bc5 4. c3 Nf6 5. d3 d6 6. O-O h6 7. Re1 O-O 8. h3 Bb6
9. Nbd2 Ne7 10. Bb3 c6 11. Nf1 Ng6 12. Ng3 d5 13. exd5 Nxd5 14. d4 exd4 15. Nxd4
Re8 16. Rxe8+ Qxe8 17. Bxd5 cxd5 18. Be3 Bc7 19. Qd2 Bxg3 20. fxg3 Bd7 21. Re1
Qf8 22. Kh2 b6 23. Bf2 Re8 24. Rxe8 1/2-1/2

[Event "Bundesliga 2021-22"]
[Site "Berlin GER"]
[Date "2022.07.10"]
[Round "15.5"]
[Board "7"]
[White "Naiditsch, Arkadij"]
[Black "Halvax, Georg"]
[Result "1-0"]
[WhiteTitle "GM"]
[BlackTitle "IM"]
[WhiteElo "2648"]
[BlackElo "2407"]
[WhiteTeam "OSG Baden-Baden"]
[BlackTeam "SG Solingen"]
[WhiteFideId "4650891"]
[BlackFideId "1619543"]
[EventDate "2022.03.05"]

1. e4 c5 2. Nf3 Nc6 3. Bb5 g6 4. Bxc6 bxc6 5. O-O Bg7 6. Re1 Qc7 7. c3 d6 8. h3
Nf6 9. d4 cxd4 10. cxd4 O-O 11. Nc3 c5 12. d5 Nd7 13. Bf4 Rb8 14. Qd2 Re8 15.
Rac1 a5 16. Rc2 Ba6 17. Qe3 Rb4 18. a3 Rd4 19. Bh6 Rd3 20. Qf4 Ne5 21. Bxg7
Nxf3+ 22. gxf3 Kxg7 23. h4 Qb8 24. h5 Qb3 25. h6+ Kf8 26. Rec1 f6 27. Kg2 Rd4
28. Nb1 Qxd5 29. Nc3 Qe5 30. Qxe5 fxe5 31. Nd5 Rc8 32. b4 axb4 33. axb4 c4 34.
Ra1 Bb7 35. Nc3 Ra8 36. Rxa8+ Bxa8 37. b5 Bb7 38. Ne2 d5 39. Nxd4 exd4 40. Kf1
d3 41. Rc3 Ke8 42. exd5 Bxd5 43. Ke1 Kd7 44. Kd2 Kc7 45. Ra3 Kb6 46. Kc3 Bxf3
47. Ra6+ Kxb5 48. Re6 1-0

[Event "Bundesliga 2021-22"]
[Site "Berlin GER"]
[Date "2022.07.10"]
[Round "15.5"]
[Board "8"]
[White "Roseneck, Jonas"]
[Black "Bacrot, Etienne"]
[Result "1/2-1/2"]
[WhiteTitle "FM"]
[BlackTitle "GM"]
[WhiteElo "2376"]
[BlackElo "2635"]
[WhiteTeam "SG Solingen"]
[BlackTeam "OSG Baden-Baden"]
[WhiteFideId "12939870"]
[BlackFideId "605506"]
[EventDate "2022.03.05"]

1. d4 d5 2. c4 e6 3. Nc3 Nf6 4. Nf3 a6 5. cxd5 exd5 6. Bg5 Be6 7. e3 Nbd7 8. Bd3
c6 9. O-O Bd6 10. Bf4 Qc7 11. Bxd6 Qxd6 12. h3 O-O 13. Qc2 g6 14. Rfe1 Rfe8 15.
Rac1 Rad8 16. a3 a5 17. Ng5 h6 18. Nf3 Kg7 19. Nh4 g5 20. Nf3 Rc8 21. e4 dxe4
22. Bxe4 Bd5 23. Bxd5 Nxd5 24. Qf5 Nxc3 25. bxc3 Qd5 26. Qxd5 Rxe1+ 1/2-1/2

[Event "Bundesliga 2021-22"]
[Site "Berlin GER"]
[Date "2022.07.10"]
[Round "15.6"]
[Board "1"]
[White "Bluebaum, Matthias"]
[Black "Mamedyarov, Shakhriyar"]
[Result "1/2-1/2"]
[WhiteTitle "GM"]
[BlackTitle "GM"]
[WhiteElo "2642"]
[BlackElo "2776"]
[WhiteTeam "Schachfreunde Deizisau"]
[BlackTeam "SC Viernheim"]
[WhiteFideId "24651516"]
[BlackFideId "13401319"]
[EventDate "2022.03.05"]

1. d4 d5 2. c4 c6 3. Nf3 Nf6 4. Nc3 e6 5. e3 Nbd7 6. Be2 Bd6 7. O-O O-O 8. a4
Qe7 9. a5 a6 10. Qb3 Rb8 11. Rd1 dxc4 12. Bxc4 c5 13. Qc2 b5 14. axb6 Nxb6 15.
dxc5 Bxc5 16. Bd3 h6 17. Bd2 Nbd5 18. Nxd5 Nxd5 19. Rdc1 Bb4 20. Bxa6 Bxa6 1/2-1/2

[Event "Bundesliga 2021-22"]
[Site "Berlin GER"]
[Date "2022.07.10"]
[Round "15.6"]
[Board "2"]
[White "Kryvoruchko, Yuriy"]
[Black "Moussard, Jules"]
[Result "1/2-1/2"]
[WhiteTitle "GM"]
[BlackTitle "GM"]
[WhiteElo "2683"]
[BlackElo "2630"]
[WhiteTeam "SC Viernheim"]
[BlackTeam "Schachfreunde Deizisau"]
[WhiteFideId "14109182"]
[BlackFideId "642908"]
[EventDate "2022.03.05"]

1. e4 c5 2. Nf3 d6 3. d4 cxd4 4. Nxd4 Nf6 5. Nc3 a6 6. g3 e6 7. Bg2 Be7 8. O-O
Qc7 9. f4 O-O 10. Kh1 Nc6 11. Nxc6 bxc6 12. g4 d5 13. g5 Nxe4 14. Nxe4 dxe4 15.
Bxe4 Bb7 16. Qf3 Rab8 17. b3 f5 18. gxf6 Bxf6 19. Rb1 c5 20. Be3 Bd4 21. Rbe1
Bxe3 22. Rxe3 Bxe4 23. Rxe4 Rf6 24. Re5 c4 25. Qe4 1/2-1/2

[Event "Bundesliga 2021-22"]
[Site "Berlin GER"]
[Date "2022.07.10"]
[Round "15.6"]
[Board "3"]
[White "Gupta, Abhijeet"]
[Black "Korobov, Anton"]
[Result "1-0"]
[WhiteTitle "GM"]
[BlackTitle "GM"]
[WhiteElo "2628"]
[BlackElo "2695"]
[WhiteTeam "Schachfreunde Deizisau"]
[BlackTeam "SC Viernheim"]
[WhiteFideId "5010608"]
[BlackFideId "14105730"]
[EventDate "2022.03.05"]

1. d4 d6 2. e4 g6 3. Nc3 Bg7 4. Be3 a6 5. Qd2 b5 6. a4 b4 7. Nce2 a5 8. Ng3 h5
9. h4 Nf6 10. f3 Nbd7 11. Bb5 O-O 12. Bh6 Bb7 13. Rh3 e6 14. O-O-O c6 15. Be2 b3
16. c3 c5 17. Bb5 Ba6 18. e5 dxe5 19. Bxg7 Kxg7 20. dxe5 Nd5 21. Nxh5+ Kh7 22.
Bxd7 Qxd7 23. Qxd5 Qxd5 24. Nf6+ Kh6 25. Nxd5 exd5 26. Rxd5 Rfd8 27. Rxd8 Rxd8
28. g4 g5 29. f4 gxf4 30. Rf3 Kg7 31. Rxf4 Bd3 32. Rf2 Be4 33. Rd2 Re8 34. Re2
Bc6 35. Nh3 Bxa4 36. Nf4 Bb5 37. Re4 a4 38. e6 f6 39. Nh5+ Kg6 40. Nf4+ Kg7 41.
c4 Bc6 42. Nd5 Rh8 43. h5 f5 44. gxf5 Rxh5 45. f6+ Kf8 46. Re1 Rh4 47. Nb6 Ke8
48. Rg1 Kd8 49. f7 Ke7 50. Nc8+ 1-0

[Event "Bundesliga 2021-22"]
[Site "Berlin GER"]
[Date "2022.07.10"]
[Round "15.6"]
[Board "4"]
[White "Anton Guijarro, David"]
[Black "Kollars, Dmitrij"]
[Result "1/2-1/2"]
[WhiteTitle "GM"]
[BlackTitle "GM"]
[WhiteElo "2694"]
[BlackElo "2635"]
[WhiteTeam "SC Viernheim"]
[BlackTeam "Schachfreunde Deizisau"]
[WhiteFideId "2285525"]
[BlackFideId "12909572"]
[EventDate "2022.03.05"]

1. Nf3 d5 2. c4 d4 3. b4 Nf6 4. g3 c5 5. Qa4+ Qd7 6. b5 Qc7 7. d3 Nbd7 8. Bg2 e5
9. O-O Bd6 10. Qc2 O-O 11. a4 Re8 12. Nbd2 Nf8 13. a5 Rb8 14. e3 h6 15. Re1 Bf5
16. Nh4 Bd7 17. e4 Qc8 18. Qd1 Ng6 19. Nf5 Bxf5 20. exf5 Qxf5 21. Ne4 Nxe4 22.
Bxe4 Qf6 23. Bd2 Nf8 24. Qg4 Kh8 25. Re2 Nh7 26. a6 b6 27. Rae1 Re7 28. Bd5 Rbe8
29. h4 Rc7 30. f4 Ree7 31. Kg2 Nf8 32. fxe5 Rxe5 33. Rxe5 Bxe5 34. Rf1 Qd6 35.
Bxf7 Nh7 36. Qg6 Re7 37. Qxd6 Bxd6 38. Bg6 Re2+ 39. Rf2 Rxf2+ 40. Kxf2 Nf6 41.
Kf3 Kg8 42. g4 Kf8 43. Bf5 Ke8 44. Bf4 Ke7 45. g5 hxg5 46. hxg5 Bxf4 47. Kxf4
Kd6 48. gxf6 gxf6 49. Ke4 Kc7 50. Kd5 Kb8 51. Kc6 Ka8 52. Be6 Kb8 53. Bf5 Ka8
54. Kc7 1/2-1/2

[Event "Bundesliga 2021-22"]
[Site "Berlin GER"]
[Date "2022.07.10"]
[Round "15.6"]
[Board "5"]
[White "Kozul, Zdenko"]
[Black "Amin, Bassem"]
[Result "0-1"]
[WhiteTitle "GM"]
[BlackTitle "GM"]
[WhiteElo "2619"]
[BlackElo "2683"]
[WhiteTeam "Schachfreunde Deizisau"]
[BlackTeam "SC Viernheim"]
[WhiteFideId "14502879"]
[BlackFideId "10601457"]
[EventDate "2022.03.05"]

1. d4 Nf6 2. Nf3 g6 3. c4 Bg7 4. Nc3 O-O 5. e4 d6 6. Be2 e5 7. O-O Nc6 8. d5 Ne7
9. Ne1 Nd7 10. Nd3 f5 11. Bd2 Nf6 12. f3 f4 13. c5 g5 14. cxd6 cxd6 15. Nf2 h5
16. h3 Ng6 17. Qc2 Rf7 18. Rfc1 g4 19. fxg4 hxg4 20. hxg4 Bf8 21. Bf3 Nh4 22.
Be1 Bd7 23. Kf1 Rg7 24. Qd1 Be7 25. a4 a6 26. a5 Qe8 27. Na4 Bb5+ 28. Kg1 Nxf3+
29. gxf3 Qh5 30. Nc3 Bd7 31. Kf1 Qh2 32. Ra3 Rf8 33. Qc2 Nh7 34. Rb3 Bh4 35. Qd3
Ng5 36. Ne2 Bxg4 37. Ng1 Bh5 38. Rxb7 Rxb7 39. Rc2 Qg3 40. Qxa6 Nxf3 0-1

[Event "Bundesliga 2021-22"]
[Site "Berlin GER"]
[Date "2022.07.10"]
[Round "15.6"]
[Board "6"]
[White "Fedorchuk, Sergey A."]
[Black "Heimann, Andreas"]
[Result "1-0"]
[WhiteTitle "GM"]
[BlackTitle "GM"]
[WhiteElo "2604"]
[BlackElo "2581"]
[WhiteTeam "SC Viernheim"]
[BlackTeam "Schachfreunde Deizisau"]
[WhiteFideId "14102536"]
[BlackFideId "24624632"]
[EventDate "2022.03.05"]

1. e4 e5 2. Nf3 Nc6 3. Bb5 Nf6 4. d3 Bc5 5. O-O Nd4 6. Nxd4 Bxd4 7. c3 Bb6 8.
Na3 O-O 9. Bg5 d5 10. exd5 Qxd5 11. Re1 Bf5 12. Bh4 Rad8 13. Bc4 Qd6 14. Nb5 Qd7
15. Rxe5 c6 16. Nd4 Bxd4 17. cxd4 Bg4 18. Qe1 b5 19. Bb3 Qxd4 20. h3 Bd7 21.
Bxf6 gxf6 22. Re7 Qd6 23. d4 a5 24. Rd1 a4 25. Bc2 Rfe8 26. Re4 Qd5 27. Qe3 Qg5
28. Qf3 Rxe4 29. Bxe4 Rc8 30. Qc3 Qf4 31. Bf3 Be6 32. a3 Kg7 33. Re1 Qd6 34. Re4
Bf5 35. Rh4 c5 36. Bg4 Bxg4 37. Rxg4+ Kf8 38. Rh4 Kg8 39. Qc2 1-0

[Event "Bundesliga 2021-22"]
[Site "Berlin GER"]
[Date "2022.07.10"]
[Round "15.6"]
[Board "7"]
[White "Zilka, Stepan"]
[Black "Braun, Arik"]
[Result "1/2-1/2"]
[WhiteTitle "GM"]
[BlackTitle "GM"]
[WhiteElo "2606"]
[BlackElo "2587"]
[WhiteTeam "Schachfreunde Deizisau"]
[BlackTeam "SC Viernheim"]
[WhiteFideId "315303"]
[BlackFideId "4663527"]
[EventDate "2022.03.05"]

1. e4 c5 2. Nf3 e6 3. d4 cxd4 4. Nxd4 a6 5. Bd3 Nf6 6. O-O Qc7 7. c4 Nc6 8. Nxc6
dxc6 9. f4 e5 10. f5 Bc5+ 11. Kh1 b5 12. Nd2 Ba7 13. Nb3 bxc4 14. Bxc4 a5 15. a4
Bb7 16. Qe2 h6 17. Bd2 Bb6 18. Be1 Rd8 19. Bh4 Rd6 20. Rad1 O-O 21. Rxd6 Qxd6
22. Rd1 Qe7 23. h3 Rd8 24. Rxd8+ Qxd8 25. Qd3 Qc7 26. Bxf6 gxf6 27. Kh2 Kh7 28.
Kg3 Bc8 29. Kf3 Qe7 30. Qd2 Qf8 31. g3 Qe7 32. h4 Qf8 33. Kg4 Qg7+ 34. Kh3 Qf8
35. Qc3 Qd8 36. Qf3 Qe7 37. Qh5 Kg7 38. Qg4+ Kh7 39. Qh5 Kg7 40. Nd2 Bd7 41.
Qg4+ Kh7 42. Qe2 Be8 43. b3 Qa3 44. Nf3 Qc1 45. Nh2 Kg7 46. Kg4 Qg1 47. Nf3 Qc1
48. Kh5 Qc3 49. Qd3 Qxd3 50. Bxd3 Be3 51. Bc4 Bd7 52. Nh2 Bc8 53. Kg4 Kf8 54.
Kf3 Bc1 55. Ke2 Bb7 56. Ng4 Kg7 57. Nf2 Ba3 58. Nd3 Bd6 59. Kd2 Kf8 60. Kc3 Ke7
61. Kb2 Ke8 62. Kc2 Kf8 63. Kd2 Ke8 64. Ke2 Kf8 65. Nf2 Bc5 66. Ng4 Kg7 67. Bd3
Bb6 68. Ne3 Kf8 69. Nc4 Bc7 70. Kd2 Ba6 71. Ne3 Bb7 72. h5 Bd6 73. Ke2 Bc7 74.
Kd1 Bd6 75. Kc2 Bb4 76. g4 Bc5 77. Nc4 Bb4 78. Nb2 Ke7 79. Bc4 Bc5 80. Nd3 Bd4
81. Kd2 Bb6 82. Ke2 Bd4 83. Kf3 Ke8 84. b4 axb4 85. Nxb4 Bb6 86. Nd3 Ke7 87. Nc1
Ba5 88. Nb3 Bb4 89. Ke3 Ke8 90. Kd3 Ke7 91. a5 Kd6 92. Bxf7 Ba6+ 93. Bc4 Bc8 94.
a6 Kc7 95. Nd2 Kb6 96. Nf3 Bd6 97. Nh2 Bf8 98. Kc3 Bxa6 99. Bxa6 Kxa6 100. Kc4
Kb6 101. Nf3 Kc7 102. Ne1 Be7 103. Nd3 Bf8 104. Kb3 Kb6 105. Kc4 Kc7 106. Ne1
Kd7 107. Ng2 Ba3 108. Nh4 Bd6 109. Nf3 Bf8 110. Nd2 Kc7 111. Kd3 Kb6 112. Kc4
Kc7 113. Nb1 Be7 114. Nc3 Bf8 115. Nd1 Kb7 116. Ne3 Kc7 117. Kd3 Kd6 118. Kc4
Kc7 119. Nf1 Kd7 120. Nd2 Kc7 121. Nf3 Bd6 122. Nh4 Kd7 123. Ng6 Ke8 124. Kb3
Bc5 125. g5 hxg5 126. h6 Bf8 127. h7 Bg7 128. h8=Q+ Bxh8 129. Nxh8 g4 130. Ng6
g3 131. Nh4 Kf7 132. Kc4 Kg7 133. Kd3 Kh6 134. Nf3 Kh5 135. Ke2 c5 136. Kf1 c4
137. Kg2 c3 138. Ne1 Kg4 139. Nd3 c2 140. Kg1 Kh3 141. Nc1 Kg4 142. Nd3 Kf3 143.
Ne1+ Kxe4 144. Nxc2 Kxf5 145. Kg2 Kf4 146. Nb4 f5 147. Nd5+ Ke4 148. Nf6+ Ke3
149. Kxg3 f4+ 150. Kg4 f3 151. Kg3 e4 152. Nxe4 Kxe4 153. Kf2 Kf4 154. Kf1 Ke3
155. Ke1 f2+ 156. Kf1 Kf3 1/2-1/2

[Event "Bundesliga 2021-22"]
[Site "Berlin GER"]
[Date "2022.07.10"]
[Round "15.6"]
[Board "8"]
[White "Maze, Sebastien"]
[Black "Dautov, Rustem"]
[Result "0-1"]
[WhiteTitle "GM"]
[BlackTitle "GM"]
[WhiteElo "2527"]
[BlackElo "2596"]
[WhiteTeam "SC Viernheim"]
[BlackTeam "Schachfreunde Deizisau"]
[WhiteFideId "613762"]
[BlackFideId "4623606"]
[EventDate "2022.03.05"]

1. e4 c6 2. d4 d5 3. e5 Bf5 4. Nf3 e6 5. Be2 Nd7 6. O-O Bg6 7. a4 a5 8. Na3 Nh6
9. c3 Nf5 10. Nc2 Be7 11. g4 Nh4 12. Nxh4 Bxh4 13. f4 Be4 14. Bd3 Bxd3 15. Qxd3
Be7 16. f5 Bg5 17. Qf3 O-O 18. Bxg5 Qxg5 19. Qg3 c5 20. h4 Qd8 21. g5 Qb6 22.
Rab1 exf5 23. Rxf5 cxd4 24. Nxd4 Rae8 25. h5 g6 26. hxg6 hxg6 27. Rf2 Rxe5 28.
Rh2 Rfe8 29. Rf1 Qd8 30. Nf3 Re2 31. Rh3 R8e4 32. Kh1 Qb8 33. Qg1 Qf4 34. Nh2
Qd2 35. Ng4 Re1 36. Rhf3 Rxf1 37. Rxf1 Kg7 0-1

[Event "Bundesliga 2021-22"]
[Site "Berlin GER"]
[Date "2022.07.10"]
[Round "15.7"]
[Board "1"]
[White "Grandelius, Nils"]
[Black "Jones, Gawain C B"]
[Result "1/2-1/2"]
[WhiteTitle "GM"]
[BlackTitle "GM"]
[WhiteElo "2663"]
[BlackElo "2672"]
[WhiteTeam "Hamburger SK"]
[BlackTeam "Muenchener Schachclub 1836"]
[WhiteFideId "1710400"]
[BlackFideId "409561"]
[EventDate "2022.03.05"]

1. e4 e5 2. Nf3 Nc6 3. Bb5 Nf6 4. O-O Nxe4 5. Re1 Nd6 6. Nxe5 Be7 7. Bf1 Nxe5 8.
Rxe5 O-O 9. Nc3 Ne8 10. Nd5 Bd6 11. Re1 c6 12. Ne3 Be7 13. c4 Nc7 14. d4 d5 15.
cxd5 Bb4 16. Bd2 Bxd2 17. Qxd2 Nxd5 18. Nxd5 Qxd5 19. Re5 Qd6 20. Bc4 Bd7 21. a3
Rae8 22. Qc3 Rxe5 23. dxe5 Qe7 24. Rd1 Be6 25. Bxe6 Qxe6 26. Rd6 Qf5 27. h3 h5
28. Qd4 Re8 29. f4 c5 30. Qd2 Qe4 31. Rd7 Qb1+ 32. Kh2 Qe4 33. Rc7 Rxe5 34. Rc8+
Re8 35. Rxc5 g6 36. f5 Qe7 37. Rd5 Qc7+ 38. Kg1 Qg3 39. Rd8 Rxd8 40. Qxd8+ Kh7
41. fxg6+ fxg6 42. Qe7+ Kh6 43. Qxb7 Qe1+ 44. Kh2 Qe5+ 45. Kg1 Qe1+ 46. Kh2 1/2-1/2

[Event "Bundesliga 2021-22"]
[Site "Berlin GER"]
[Date "2022.07.10"]
[Round "15.7"]
[Board "2"]
[White "Indjic, Aleksandar"]
[Black "Svane, Rasmus"]
[Result "1/2-1/2"]
[WhiteTitle "GM"]
[BlackTitle "GM"]
[WhiteElo "2605"]
[BlackElo "2637"]
[WhiteTeam "Muenchener Schachclub 1836"]
[BlackTeam "Hamburger SK"]
[WhiteFideId "911925"]
[BlackFideId "4657101"]
[EventDate "2022.03.05"]

1. c4 Nf6 2. Nc3 e5 3. Nf3 Nc6 4. a3 d5 5. cxd5 Nxd5 6. e4 Nf4 7. d4 exd4 8.
Bxf4 dxc3 9. Qxd8+ Nxd8 10. bxc3 Ne6 11. Bg3 Bd6 12. Nd4 Bxg3 13. hxg3 Bd7 14.
f3 Nc5 15. Rh5 b6 16. Bc4 g6 17. Rh4 Ke7 18. g4 Kf6 19. Kd2 Rad8 20. Rah1 Kg7
21. Ke3 Na4 22. Rc1 1/2-1/2

[Event "Bundesliga 2021-22"]
[Site "Berlin GER"]
[Date "2022.07.10"]
[Round "15.7"]
[Board "3"]
[White "Lampert, Jonas"]
[Black "Martinovic, Sasa"]
[Result "0-1"]
[WhiteTitle "GM"]
[BlackTitle "GM"]
[WhiteElo "2542"]
[BlackElo "2554"]
[WhiteTeam "Hamburger SK"]
[BlackTeam "Muenchener Schachclub 1836"]
[WhiteFideId "1303759"]
[BlackFideId "14509792"]
[EventDate "2022.03.05"]

1. d4 d5 2. c4 e6 3. Nf3 a6 4. Nbd2 dxc4 5. Nxc4 b5 6. Nce5 Bb7 7. e3 Nf6 8. Be2
Nbd7 9. O-O Bd6 10. a4 b4 11. Nc4 Be7 12. a5 O-O 13. Qa4 c5 14. dxc5 Nxc5 15.
Qxb4 Rb8 16. Rd1 Bd5 17. Qc3 Nb3 18. Rb1 Ne4 19. Qe1 Bb4 20. Qf1 Nxa5 21. Nd4
Qc7 22. Nxa5 Bxa5 23. Bd3 Rfd8 24. Ra1 e5 25. Nc2 Bb3 26. Rxa5 Bxc2 27. Bxc2
Qxa5 28. Bxe4 Rxd1 29. Qxd1 Rd8 30. Qe2 Qa4 31. Bc2 Qc6 32. h3 Rc8 33. Bd2 Qxc2
34. Qxa6 f6 35. Bc3 Rd8 36. Qe6+ Kh8 37. Qe7 Rd1+ 38. Kh2 h6 39. Qe8+ Kh7 40.
Qh5 Rf1 41. f3 Rf2 42. Qg4 Qg6 43. e4 h5 44. Qg3 Rc2 45. h4 Qxg3+ 46. Kxg3 Kg6
47. Kh3 Kf7 48. g4 hxg4+ 49. Kxg4 Rg2+ 50. Kh3 Re2 51. Kg4 Ke6 52. h5 Rh2 53. b4
Rh1 54. Bd2 Rg1+ 55. Kh3 Rd1 56. Be3 Rd3 57. h6 gxh6 58. Bxh6 Rxf3+ 59. Kg4 Rb3
60. Bd2 Rd3 0-1

[Event "Bundesliga 2021-22"]
[Site "Berlin GER"]
[Date "2022.07.10"]
[Round "15.7"]
[Board "4"]
[White "Horvath, Dominik"]
[Black "Ftacnik, Lubomir"]
[Result "1-0"]
[WhiteTitle "IM"]
[BlackTitle "GM"]
[WhiteElo "2486"]
[BlackElo "2495"]
[WhiteTeam "Muenchener Schachclub 1836"]
[BlackTeam "Hamburger SK"]
[WhiteFideId "1642561"]
[BlackFideId "14900017"]
[EventDate "2022.03.05"]

1. e4 c5 2. c3 Nf6 3. e5 Nd5 4. Bc4 Nb6 5. Bb3 Nc6 6. d4 cxd4 7. cxd4 d6 8. e6
fxe6 9. Nc3 g6 10. Nf3 Bg7 11. h4 d5 12. h5 e5 13. h6 Bf6 14. dxe5 Nxe5 15. Nxd5
Nxd5 16. Nxe5 Bxe5 17. Bxd5 Qa5+ 18. Kf1 Qb5+ 19. Kg1 Bg4 20. Qb3 Qxb3 21. Bxb3
O-O-O 22. Rh4 Bf5 23. Be3 Bxb2 24. Re1 Kb8 25. Ra4 a6 26. Bf4+ e5 27. Rxe5 Bxe5
28. Bxe5+ Ka7 29. Bxh8 Rxh8 30. Rf4 b5 31. g4 Bc8 32. Rf7+ Kb6 33. Rg7 Re8 34.
Rxh7 Bxg4 35. Rg7 Bf5 36. Bf7 Rh8 37. Bxg6 Be6 38. h7 Bxa2 39. f4 Ka5 40. f5 Bb1
41. Rg8 1-0

[Event "Bundesliga 2021-22"]
[Site "Berlin GER"]
[Date "2022.07.10"]
[Round "15.7"]
[Board "5"]
[White "Heinemann, Thies"]
[Black "Radovanovic, Nikola"]
[Result "1/2-1/2"]
[WhiteTitle "GM"]
[BlackTitle "IM"]
[WhiteElo "2495"]
[BlackElo "2419"]
[WhiteTeam "Hamburger SK"]
[BlackTeam "Muenchener Schachclub 1836"]
[WhiteFideId "4601556"]
[BlackFideId "900087"]
[EventDate "2022.03.05"]

1. e4 c5 2. Nf3 d6 3. Bb5+ Nd7 4. d4 cxd4 5. Qxd4 a6 6. Be2 Ngf6 7. c4 e5 8. Qe3
d5 9. exd5 Bc5 10. Qb3 e4 11. Nfd2 O-O 12. Nf1 Ne5 13. Be3 Qa5+ 14. Nbd2 Bg4 15.
Bxc5 Qxc5 16. Ne3 Bxe2 17. Kxe2 Rae8 18. Rhd1 Nd3 19. g3 Qc8 20. Nxe4 Nf4+ 21.
gxf4 Rxe4 22. Rac1 1/2-1/2

[Event "Bundesliga 2021-22"]
[Site "Berlin GER"]
[Date "2022.07.10"]
[Round "15.7"]
[Board "6"]
[White "Ciolek, Andreas"]
[Black "Rogozenco, Dorian"]
[Result "1/2-1/2"]
[WhiteTitle "FM"]
[BlackTitle "GM"]
[WhiteElo "2191"]
[BlackElo "2448"]
[WhiteTeam "Muenchener Schachclub 1836"]
[BlackTeam "Hamburger SK"]
[WhiteFideId "12906727"]
[BlackFideId "1210319"]
[EventDate "2022.03.05"]

1. d4 Nf6 2. Nf3 d5 3. g3 c5 4. Bg2 cxd4 5. O-O e6 6. Nxd4 e5 7. Nb3 Be6 8. c4
Nc6 9. cxd5 Nxd5 10. N1d2 Be7 11. Ne4 b6 12. Nc3 Ndb4 13. Nd2 O-O 14. Qa4 Nd4
15. a3 Nd5 16. Ndb1 Rc8 17. e3 b5 18. Qd1 Nxc3 19. Nxc3 Nb3 20. Rb1 Qxd1 21.
Rxd1 Rfd8 22. Rxd8+ Rxd8 23. e4 Nxc1 24. Rxc1 Bg5 25. Rb1 a6 26. Nd5 Rc8 27. f4
exf4 28. gxf4 Bd8 29. Rd1 g6 1/2-1/2

[Event "Bundesliga 2021-22"]
[Site "Berlin GER"]
[Date "2022.07.10"]
[Round "15.7"]
[Board "7"]
[White "Sebastian, Dirk"]
[Black "Watson, William N"]
[Result "0-1"]
[WhiteTitle "IM"]
[BlackTitle "GM"]
[WhiteElo "2445"]
[BlackElo "2490"]
[WhiteTeam "Hamburger SK"]
[BlackTeam "Muenchener Schachclub 1836"]
[WhiteFideId "4637607"]
[BlackFideId "400157"]
[EventDate "2022.03.05"]

1. e4 c5 2. Nf3 d6 3. d4 cxd4 4. Nxd4 Nf6 5. Nc3 g6 6. Be3 Bg7 7. f3 Nc6 8. Qd2
O-O 9. Bc4 Nxd4 10. Bxd4 Be6 11. Bb3 Qa5 12. O-O-O b5 13. Kb1 b4 14. Nd5 Bxd5
15. exd5 Qb5 16. Qd3 Qxd3 17. Rxd3 Rfc8 18. Re1 Rc7 19. Bf2 Kf8 20. Ba4 Rac8 21.
Bh4 Nh5 22. Re4 Be5 23. Rxb4 Rc4 24. Be1 Nf4 25. Ra3 Nxg2 26. Bc6 Rxb4 27. Bxb4
Rb8 28. c3 Bxh2 29. Rxa7 h5 30. Ba5 Bg1 31. Rd7 h4 32. Bd8 Bc5 33. Bxe7+ Kg8 34.
Bxh4 Nxh4 35. b4 Nxf3 36. Kc2 Ne5 37. bxc5 Nxd7 38. Bxd7 dxc5 39. Kd3 Kf8 0-1

[Event "Bundesliga 2021-22"]
[Site "Berlin GER"]
[Date "2022.07.10"]
[Round "15.7"]
[Board "8"]
[White "Tadic, Branko"]
[Black "Bracker, Frank"]
[Result "1-0"]
[WhiteTitle "GM"]
[BlackTitle "IM"]
[WhiteElo "2459"]
[BlackElo "2364"]
[WhiteTeam "Muenchener Schachclub 1836"]
[BlackTeam "Hamburger SK"]
[WhiteFideId "916412"]
[BlackFideId "24614343"]
[EventDate "2022.03.05"]

1. Nf3 d5 2. g3 Nf6 3. Bg2 c6 4. O-O Bg4 5. h3 Bh5 6. c4 e6 7. d4 Nbd7 8. cxd5
exd5 9. Qb3 Qb6 10. Qe3+ Be7 11. Nh4 Nf8 12. Nf5 Ne6 13. Nxe7 Kxe7 14. Qa3+ Kd7
15. e3 Be2 16. Re1 Qa6 17. Qb4 Ne4 18. f3 Nd6 19. Nc3 Bd3 20. b3 Qb6 21. Qa4 Qa6
22. e4 Qxa4 23. Nxa4 b6 24. Bb2 Rhe8 25. Rad1 Ba6 26. h4 Rad8 27. Nc3 Bb7 28.
Bh3 g6 29. Ba3 dxe4 30. fxe4 Kc7 31. d5 cxd5 32. Bxd6+ Kxd6 33. exd5 Ng7 34.
Ne4+ Kc7 35. Nf6 Rxe1+ 36. Rxe1 Bxd5 37. Rc1+ Bc6 38. Bg2 Rd6 39. Ne4 Re6 40.
Ng5 Rf6 41. Nxh7 Rd6 42. Ng5 Nf5 43. Nxf7 Nd4 44. Rc4 1-0

[Event "Bundesliga 2021-22"]
[Site "Berlin GER"]
[Date "2022.07.10"]
[Round "15.8"]
[Board "1"]
[White "Niemann, Hans Moke"]
[Black "Huschenbeth, Niclas"]
[Result "1/2-1/2"]
[WhiteTitle "GM"]
[BlackTitle "GM"]
[WhiteElo "2642"]
[BlackElo "2611"]
[WhiteTeam "SK Doppelbauer Turm Kiel"]
[BlackTeam "FC Bayern Muenchen"]
[WhiteFideId "2093596"]
[BlackFideId "24604747"]
[EventDate "2022.03.05"]

1. e4 c5 2. Nf3 d6 3. d4 cxd4 4. Nxd4 Nf6 5. Nc3 a6 6. Bd3 g6 7. f3 Qb6 8. Nb3
Bg7 9. Qe2 Qc7 10. a4 Nc6 11. Be3 Be6 12. Nd4 Nxd4 13. Bxd4 O-O 14. a5 Nd7 15.
Qe3 Bxd4 16. Qxd4 Ne5 17. f4 Nc6 18. Qb6 Qxb6 19. axb6 f5 20. g3 Nb4 21. Kd2
Nxd3 22. cxd3 fxe4 23. Nxe4 Rac8 24. Rhe1 Bd7 25. Nc3 e6 26. Rac1 Kf7 27. Ne2
Rxc1 28. Rxc1 Rc8 29. Rxc8 Bxc8 30. Nd4 e5 31. fxe5 dxe5 32. Nf3 Kf6 33. Ke3 Bd7
34. d4 exd4+ 35. Kxd4 Bc6 36. Ne5 Bh1 37. h4 Kf5 38. Nd3 Bg2 39. Nf2 Ke6 40. Kc5
Ke5 41. Ng4+ Ke6 42. Nh6 Ke5 43. Nf7+ Kf5 44. Nh6+ Ke4 45. Kd6 a5 46. Nf7 a4 47.
Nd8 Kd3 48. Kc5 Kc2 49. Kb4 Kxb2 50. Kxa4 Kc3 51. Kb5 Kd4 52. Ne6+ Ke3 53. g4 h5
54. g5 Kf2 55. Nf8 Be4 56. Kc5 Kg3 57. Kd4 Bf5 58. Ke5 Kxh4 59. Kf6 Kg3 60. Nxg6
Be4 61. Ne7 h4 62. Nf5+ Kg4 63. Nd6 h3 64. Nxe4 Kf3 65. g6 Kxe4 66. g7 h2 67.
g8=Q h1=Q 68. Qc4+ Ke3 69. Ke7 Qb1 70. Qc5+ Kf4 71. Kd7 Qe4 72. Kc8 Kg3 73. Qc7+
Kh3 74. Qxb7 Qe8+ 75. Kc7 Qe5+ 76. Kd8 Qh8+ 77. Kd7 Qh7+ 78. Kc6 Qe4+ 79. Kc7
Qe5+ 80. Kd8 Qh8+ 81. Kd7 Qh7+ 82. Kc6 Qe4+ 1/2-1/2